000 00340nam a2200157Ia 4500
100 _aBryon/Mike
650 _aPsychology
942 _cBK
366 _f20
245 _aHow to pass graduate Psychometrics tests
260 _bKogan Page
_c2013
082 _a650.076
_bBRY
300 _a247
546 _aENGLISH
_cComputers
999 _c31424
_d31424